Представление документа в формате RUSMARC

ПолеНазваниеЗначение
  Тип записи a
  Библиографический уровень m
001 Контрольный номер 594980e3-7a57-4df4-a96c-36efda8618c1
005 Дата корректировки 20140820192402.4
010 Индекс ISBN __
a ISBN 978-5-905444-17-3
100 Данные общей обработки __
a Данные общей обработки 20120326 |||y0 y0189 ca
101 Язык документа __
a Язык текста rus
105 Кодированные данные (монография) __
a Кодированные данные (монография) zy
200 Заглавие и сведения об ответственности 0_
a Заглавие пути повышения эффективности экономической и социальной деятельности кооперативных организаций[текст]
e Сведения, относящиеся к заглавию Материалы VI заочной международной научно-практической конференции, г. Краснодар, 24 ноября 2011 г. Краснодар
210 Выходные данные __
a Место издания Краснодар
c Издательство Краснодарский коооперативный институт (филиал) Российского университета кооперации
d Дата издания 2011
215 Физическое описание __
a Объем 296 с.
225 Серия __
a Серия Гранат
606 Тематические рубрики __
a Основная рубрика Кооперация
x Основная подрубрика Кооперативное образование
610 Ключевые слова __
a Ключевые слова пути повышения конкурентоспособности
610 Ключевые слова __
a Ключевые слова методика системного анализа
610 Ключевые слова __
a Ключевые слова оценки организационных структур
675 Индекс УДК __
a Индекс УДК 334.735
686 Индексы других классификаций __
a Классификационный индекс 65.9(2)421.8
2 Код системы rubbk
801 Источник записи _0
a Страна
b Организация ККИ
c Дата составления 20120326
852 Данные о местонахождении __
h Классификационный индекс 334.3
i Авторский знак П 90
899 Данные о местонахождении __
b Место хранения УчФ
t Номер экземпляра 10
h Классификационная часть РШ 334.3
i Авторский знак П 90
899 Данные о местонахождении __
b Место хранения УчФ_Ф-1
t Номер экземпляра 3
h Классификационная часть РШ 334.3
i Авторский знак П 90
901 Тип документа __
t Тип документа m
938 Служебная информация __
a Название организации Краснодарский филиал
b Имя БД Методические пособия
c Название АИБС АИБС Библиотека